লোডিং...

സാഹിത്യ വിജ്ഞാന നിഘണ്ടു /

গ্রন্থ-পঞ্জীর বিবরন
প্রধান লেখক: വാസുദേവ ഭട്ടതിരി, സി വി
অন্যান্য লেখক: Vasudeva Bhattathiri,C.V
বিন্যাস: Printed Book
প্রকাশিত: Aluva: Pen Books, 2003.
বিষয়গুলি:
LEADER 00580cam a2200145ua 4500
082 |a 803  |b VAS/S 
100 0 |a വാസുദേവ ഭട്ടതിരി, സി വി.  
245 1 0 |a സാഹിത്യ വിജ്ഞാന നിഘണ്ടു /  
260 |a Aluva:  |b Pen Books,  |c 2003. 
300 |a 496p.. 
650 0 |a Saahithya vijnana nighandu  |a Literary terms-Dictionaries 
700 |a Vasudeva Bhattathiri,C.V. 
942 |c REF 
999 |c 13013  |d 13013 
952 |0 0  |1 0  |4 0  |6 803_000000000000000_VAS  |7 0  |9 13571  |a KUCL  |b KUCL  |d 2014-05-23  |l 0  |o 803 VAS/  |p 16063  |r 2017-03-09  |w 2014-05-23  |y REF